000 00538nam a2200193Ia 4500
005 20250923144407.0
008 008 250917s9999 xx 000 0 eng d
037 _aTextual
040 _aDSWL
_beng
_cDSWL
041 _aeng
_2eng
084 _aY112:45:6, H0
_qDSWL
100 _aSheldon, Glueck E
_9824429
245 0 _aJuvenile delinquents grown
_cby Sheldon
260 _aNew York
_c1940
300 _a330 p.
700 _aE Glueck
_9824430
942 _cTEXL
_hY112:45:6, H0
999 _c1438297
_d1438297